|
|
|
|
| LEADER |
01068cam a2200241 i 4500 |
| 001 |
18755673 |
| 003 |
GR-PaULI |
| 005 |
20231116095257.0 |
| 008 |
211006s2015 fr ||||f |||| 00| 0 fre d |
| 952 |
|
|
|0 0
|1 0
|2 ddc
|4 0
|6 370_720000000000000_REC
|7 0
|9 329142
|a PTDE
|b PTDE
|d 2021-10-06
|i 12158
|l 0
|o 370.72 REC
|p 025000211961
|r 2021-10-06 00:00:00
|t 1
|w 2021-10-06
|y BK15
|
| 999 |
|
|
|c 184299
|d 184299
|
| 020 |
|
|
|a 9782343065793
|
| 040 |
|
|
|a GR-PaULI
|b gre
|c GR-PaULI
|e AACR2
|
| 082 |
0 |
4 |
|2 23
|a 370.72
|
| 100 |
1 |
|
|a Marmoz, Louis,
|d 1944-
|e συγγραφέας
|9 53758
|
| 245 |
1 |
3 |
|a La recherche en éducation dans un monde en crise :
|b en Grèce et ailleurs /
|c sous la direction de Louis Marmoz, Maria Moumoulidou, Despina Tsakiris et Georges Stamelos.
|
| 260 |
|
|
|a Paris :
|b L'Harmattan,
|c 2015.
|
| 300 |
|
|
|a 245 σ. ;
|c 22 εκ.
|
| 504 |
|
|
|a Περιλαμβάνει βιβλιογραφικές παραπομπές.
|
| 650 |
|
4 |
|a Εκπαίδευση
|x Έρευνα
|9 3438
|
| 650 |
|
4 |
|a Εκπαίδευση
|x Έρευνα
|z Ελλάδα
|9 4868
|
| 942 |
|
|
|2 ddc
|c BK15
|
| 998 |
|
|
|b ΤΣΕΝΕ
|c 2021-10
|